| 000 | 00454nam a2200181Ia 4500 | ||
|---|---|---|---|
| 001 | 14993 | ||
| 005 | 20260306164955.0 | ||
| 008 | 260306t2013||||xx |||||||||||||| ||spa|| | ||
| 041 | _aESP | ||
| 082 |
_a519.53 _bS69 |
||
| 100 |
_aSosa Martínez, Juan Camilo _eAUT |
||
| 245 | 0 | _aEstadística descriptiva y probabilidades | |
| 260 | _c2013 | ||
| 300 |
_axxvii, 457 páginas : _c28 cm. |
||
| 650 | _aGEN | ||
| 654 | _aCMA | ||
| 942 |
_cLIB _dJUS _fJUS _2ddc _n |
||
| 999 |
_c14993 _d14993 |
||